[Event "Bayern-chTT (RL Nord-West)"]
[Site "Bayern 2008/09"]
[Date "2008.11.30"]
[Round "3.1"]
[White "Lorenz, Mark"]
[Black "Wunder, Horst"]
[Result "1-0"]
[WhiteElo "2248"]
[BlackElo "2134"]
[PlyCount "107"]
[EventDate "2009.03.??"]
[EventType "team-tourn"]
[EventRounds "9"]
[WhiteTeam "Marktleuthen 1"]
[BlackTeam "Nordhalben 1"]

1. g3 Nf6 2. Bg2 d5 3. Nf3 e6 4. c4 Be7 5. O-O O-O 6. b3 b6 7. cxd5 exd5 8. Bb2
Bb7 9. d4 Nbd7 10. Nbd2 Bd6 11. Ne5 Re8 12. Ndc4 Bf8 13. Ne3 Ne4 14. Rc1 Nxe5
15. dxe5 c5 16. Qd3 c4 17. bxc4 dxc4 18. Qc2 Nc5 19. Bxb7 Nxb7 20. Rfd1 Qg5 21.
Qxc4 Bc5 22. Rd7 Re7 23. Rxe7 Qxe7 24. Nf5 Qe6 25. Qxe6 fxe6 26. Nd4 Kf7 27.
Nb3 Ke7 28. Kg2 Kd7 29. Nxc5+ bxc5 30. Kf3 Kc6 31. Ke4 Rd8 32. Bc3 Rd5 33. f4
g6 34. g4 Nd8 35. Rb1 c4 36. Rb4 Kc5 37. Rb8 Rd1 38. Bb4+ Kc6 39. Rc8+ Kb5 40.
Bc3 Nc6 41. a4+ Kb6 42. Re8 Rc1 43. Bd4+ Kc7 44. Rxe6 c3 45. Kd5 Nb4+ 46. Kc4
c2 47. Be3 Rb1 48. Re7+ Kd8 49. Rxa7 Nc6 50. Rxh7 g5 51. Kd5 gxf4 52. Bxf4 c1=Q
53. Bxc1 Rxc1 54. Kd6 1-0

[Event "Bayern-chTT (RL Nord-West)"]
[Site "Bayern 2008/09"]
[Date "2008.11.30"]
[Round "3.2"]
[White "Wunder, Stefan(58)"]
[Black "Kopp, Andre"]
[Result "1/2-1/2"]
[WhiteElo "2025"]
[BlackElo "2182"]
[PlyCount "75"]
[EventDate "2009.03.??"]
[EventType "team-tourn"]
[EventRounds "9"]
[WhiteTeam "Nordhalben 1"]
[BlackTeam "Marktleuthen 1"]

1. Nf3 d5 2. g3 Nf6 3. Bg2 e6 4. b3 Be7 5. Bb2 O-O 6. O-O Nbd7 7. c4 b6 8. cxd5
exd5 9. Nd4 Bb7 10. Nf5 Re8 11. Nxe7+ Qxe7 12. Re1 Ne5 13. d3 Rad8 14. Nd2 c5
15. d4 cxd4 16. Bxd4 Ne4 17. Nf3 Nc6 18. Rc1 h6 19. Nh4 Qe6 20. a3 Nxd4 21.
Qxd4 Nc5 22. Rc3 Qd7 23. b4 Ne6 24. Qg4 d4 25. Rcc1 Bxg2 26. Nxg2 Ng5 27. Qxd7
Rxd7 28. Nf4 Kf8 29. Kg2 Ne4 30. Red1 Red8 31. Rc4 Nc3 32. Rd2 g5 33. Nd3 Re7
34. Kf1 Nb1 35. Ra2 Nc3 36. Rd2 Nb1 37. Ra2 Nc3 38. Rd2 1/2-1/2

[Event "Bayern-chTT (RL Nord-West)"]
[Site "Bayern 2008/09"]
[Date "2008.11.30"]
[Round "3.3"]
[White "Wilfert, Andre"]
[Black "Hild, Detlef"]
[Result "0-1"]
[WhiteElo "2009"]
[BlackElo "2050"]
[PlyCount "80"]
[EventDate "2009.03.??"]
[EventType "team-tourn"]
[EventRounds "9"]
[WhiteTeam "Marktleuthen 1"]
[BlackTeam "Nordhalben 1"]

1. e4 e6 2. d4 d5 3. Nc3 Bb4 4. e5 Ne7 5. a3 Bxc3+ 6. bxc3 c5 7. Nf3 Bd7 8. a4
Qa5 9. Bd2 Nbc6 10. Rb1 Qc7 11. Bd3 c4 12. Be2 f6 13. Qc1 Ng6 14. exf6 gxf6 15.
Bh6 Rg8 16. O-O Nce7 17. Qb2 Nf5 18. Bd2 Ngh4 19. Nxh4 Nxh4 20. g3 O-O-O 21.
Bf4 e5 22. dxe5 Ng6 23. Be3 fxe5 24. Rfd1 Nf4 25. Bf1 b6 26. a5 b5 27. Kh1 Bc6
28. Kg1 h5 29. Qb4 Kb8 30. Qc5 Ne6 31. Qa3 d4 32. cxd4 exd4 33. Bc1 h4 34. Bxc4
hxg3 35. hxg3 Rh8 36. f3 Qxg3+ 37. Kf1 Bxf3 38. Rxb5+ Ka8 39. Bd5+ Rxd5 40.
Rxd5 Rh1# 0-1

[Event "Bayern-chTT (RL Nord-West)"]
[Site "Bayern 2008/09"]
[Date "2008.11.30"]
[Round "3.4"]
[White "Scherbel, Hans"]
[Black "Kirschneck, Toralf"]
[Result "1-0"]
[WhiteElo "2023"]
[BlackElo "2058"]
[PlyCount "49"]
[EventDate "2009.03.??"]
[EventType "team-tourn"]
[EventRounds "9"]
[WhiteTeam "Nordhalben 1"]
[BlackTeam "Marktleuthen 1"]

1. c4 c5 2. Nc3 Nc6 3. Nf3 g6 4. e3 Bg7 5. d4 d6 6. d5 Nb4 7. a3 Na6 8. Bd3 f5
9. O-O Nf6 10. Qc2 O-O 11. Re1 e5 12. dxe6 Bxe6 13. e4 fxe4 14. Nxe4 Qd7 15.
Bg5 Ng4 16. Rad1 d5 17. cxd5 Bxd5 18. Bc4 Bd4 19. Nxd4 cxd4 20. Rxd4 Nc7 21.
Red1 Rf5 22. f3 Rxg5 23. fxg4 Kg7 24. Nxg5 Qc6 25. Qc3 1-0

[Event "Bayern-chTT (RL Nord-West)"]
[Site "Bayern 2008/09"]
[Date "2008.11.30"]
[Round "3.5"]
[White "Nuernberger, Stefan"]
[Black "Burgemeister, Wolfgang"]
[Result "0-1"]
[WhiteElo "2051"]
[BlackElo "1979"]
[PlyCount "58"]
[EventDate "2009.03.??"]
[EventType "team-tourn"]
[EventRounds "9"]
[WhiteTeam "Marktleuthen 1"]
[BlackTeam "Nordhalben 1"]

1. d4 g6 2. Nf3 Bg7 3. c3 Nf6 4. Bf4 d6 5. Nbd2 O-O 6. e3 b6 7. Be2 Bb7 8. Qc2
c5 9. O-O Nbd7 10. Rfd1 Qc7 11. h3 a6 12. a4 Rfc8 13. Bc4 cxd4 14. exd4 Bxf3
15. gxf3 Qc6 16. Qb3 d5 17. Bd3 Nh5 18. Be3 Qd6 19. Bf1 f5 20. Nb1 e6 21. Qa3
Qc7 22. Bg5 Re8 23. Be7 Ne5 24. Bd6 Nxf3+ 25. Kh1 Qd8 26. Rd3 Ng5 27. Be2 Ne4
28. Bxh5 gxh5 29. Bg3 h4 0-1

[Event "Bayern-chTT (RL Nord-West)"]
[Site "Bayern 2008/09"]
[Date "2008.11.30"]
[Round "3.6"]
[White "Schultes, Dieter"]
[Black "Kuespert, Helmut"]
[Result "1/2-1/2"]
[WhiteElo "1876"]
[BlackElo "1971"]
[PlyCount "79"]
[EventDate "2009.03.??"]
[EventType "team-tourn"]
[EventRounds "9"]
[WhiteTeam "Nordhalben 1"]
[BlackTeam "Marktleuthen 1"]

1. Nf3 c5 2. c4 Nf6 3. g3 b6 4. Bg2 Bb7 5. O-O e6 6. d3 Qc7 7. e4 d6 8. Nc3 a6
9. Nh4 Be7 10. f4 Nbd7 11. Nf3 O-O 12. Ne2 b5 13. b3 Nb6 14. h3 Rfd8 15. Qc2
Rac8 16. g4 Ne8 17. Bb2 Bf6 18. Bxf6 Nxf6 19. Ng3 Ne8 20. Rac1 d5 21. e5 Nd7
22. Qf2 Nf8 23. Nh5 dxc4 24. dxc4 b4 25. Rcd1 Qe7 26. Ng5 Bxg2 27. Qxg2 Rxd1
28. Rxd1 Rd8 29. Qe2 Rxd1+ 30. Qxd1 Qd7 31. Qxd7 Nxd7 32. Ne4 Kf8 33. Kf2 Ke7
34. Ke3 g6 35. Nhg3 h6 36. h4 f5 37. exf6+ Nexf6 38. Nxf6 Nxf6 39. g5 hxg5 40.
hxg5 1/2-1/2

[Event "Bayern-chTT (RL Nord-West)"]
[Site "Bayern 2008/09"]
[Date "2008.11.30"]
[Round "3.7"]
[White "Lichtinger, Bernd"]
[Black "Zimmermann, Frank(61)"]
[Result "1/2-1/2"]
[WhiteElo "2010"]
[BlackElo "1764"]
[PlyCount "85"]
[EventDate "2009.03.??"]
[EventType "team-tourn"]
[EventRounds "9"]
[WhiteTeam "Marktleuthen 1"]
[BlackTeam "Nordhalben 1"]

1. e4 d5 2. exd5 Qxd5 3. Nc3 Qd6 4. Nf3 Bg4 5. Be2 c6 6. O-O Nf6 7. b3 Nbd7 8.
a4 e6 9. Bb2 Qc7 10. Nd4 Qf4 11. Nf3 Bd6 12. g3 Qh6 13. d4 Rd8 14. Nd2 Bh3 15.
Re1 Bb4 16. Bf3 Nb6 17. Nce4 O-O 18. Nxf6+ Qxf6 19. Ne4 Qg6 20. c3 Be7 21. Qe2
Nd5 22. Kh1 Nf6 23. a5 Nxe4 24. Bxe4 Bf5 25. Bxf5 Qxf5 26. Kg1 Rd5 27. a6 b6
28. b4 Bf6 29. Kg2 Rc8 30. Rad1 Rcd8 31. f3 h5 32. Qe4 Qxe4 33. fxe4 R5d7 34.
e5 Be7 35. Ba3 c5 36. bxc5 bxc5 37. Kf3 cxd4 38. Bxe7 Rxe7 39. Rxd4 Rxd4 40.
cxd4 Rc7 41. Ke4 Rc6 42. Ra1 Rc2 43. h4 1/2-1/2

[Event "Bayern-chTT (RL Nord-West)"]
[Site "Bayern 2008/09"]
[Date "2008.11.30"]
[Round "3.8"]
[White "Stumpf, Hilmar"]
[Black "Kuespert, Sven"]
[Result "1-0"]
[WhiteElo "1866"]
[BlackElo "1681"]
[PlyCount "73"]
[EventDate "2009.03.??"]
[EventType "team-tourn"]
[EventRounds "9"]
[WhiteTeam "Nordhalben 1"]
[BlackTeam "Marktleuthen 1"]

1. d4 d5 2. e3 c6 3. c4 e6 4. Bd2 Bd6 5. Nf3 Nd7 6. Nc3 f5 7. Qc2 Ndf6 8. Be2
Ne4 9. O-O Ngf6 10. Ne5 O-O 11. f3 Nxd2 12. Qxd2 Bd7 13. Bd3 Be8 14. Rae1 dxc4
15. Nxc4 Qc7 16. Nxd6 Qxd6 17. Qe2 Rd8 18. Rd1 Qb4 19. a3 Qe7 20. Bc4 Bf7 21.
e4 fxe4 22. Nxe4 Nd5 23. f4 h6 24. g3 Kh8 25. Rfe1 b6 26. Qg4 Nf6 27. Qh3 Bh5
28. Rd2 Bg4 29. Qh4 c5 30. Nxf6 Rxf6 31. Qxg4 cxd4 32. Bd3 Rc8 33. Rde2 Rc6 34.
f5 e5 35. Rxe5 Qd6 36. Qe2 Rf8 37. Qe4 1-0

[Event "Bayern-chTT (RL Nord-West)"]
[Site "Bayern 2008/09"]
[Date "2008.11.30"]
[Round "3.1"]
[White "Ruettinger, Johannes"]
[Black "Weigand, Hans-Christian"]
[Result "1-0"]
[WhiteElo "2146"]
[BlackElo "2001"]
[PlyCount "77"]
[EventDate "2009.03.??"]
[EventType "team-tourn"]
[EventRounds "9"]
[WhiteTeam "Bindlach 2"]
[BlackTeam "Kronach 1"]

1. c4 c6 2. g3 g6 3. Bg2 Bg7 4. Nc3 e5 5. e4 Ne7 6. Nge2 O-O 7. O-O d6 8. d4
exd4 9. Nxd4 Qb6 10. Nb3 Rd8 11. Bg5 Qc7 12. Qe2 Be6 13. Rac1 h6 14. Be3 Nd7
15. Nd5 Bxd5 16. cxd5 c5 17. f4 b6 18. Bd4 Re8 19. Bxg7 Kxg7 20. Qf2 Qd8 21.
Rce1 Ng8 22. Nd2 b5 23. Nf3 Qc7 24. e5 Rad8 25. e6 fxe6 26. dxe6 Ndf6 27. f5 g5
28. h4 g4 29. Ng5 hxg5 30. hxg5 c4 31. gxf6+ Nxf6 32. Qf4 Qc5+ 33. Rf2 Kh7 34.
Bc6 Re7 35. Re3 Rg7 36. e7 Rh8 37. e8=Q Nxe8 38. Bxe8 Qd5 39. Bg6+ 1-0

[Event "Bayern-chTT (RL Nord-West)"]
[Site "Bayern 2008/09"]
[Date "2008.11.30"]
[Round "3.2"]
[White "Stauch, Edgar"]
[Black "Oehrlein, Alexander"]
[Result "1-0"]
[WhiteElo "2090"]
[BlackElo "2076"]
[PlyCount "113"]
[EventDate "2009.03.??"]
[EventType "team-tourn"]
[EventRounds "9"]
[WhiteTeam "Kronach 1"]
[BlackTeam "Bindlach 2"]

1. d4 Nf6 2. c4 c5 3. Nf3 g6 4. Nc3 Bg7 5. e4 O-O 6. d5 d6 7. Be2 b5 8. cxb5 a6
9. b6 Nbd7 10. b7 Bxb7 11. O-O Ng4 12. Nd2 Nh6 13. Nc4 f5 14. Bg5 Nf7 15. Be3
Bxc3 16. bxc3 fxe4 17. Bg4 Nde5 18. Nxe5 Nxe5 19. Be6+ Kh8 20. Bh6 Re8 21. Qe2
Bc8 22. Qxe4 Bxe6 23. dxe6 Qa5 24. Bd2 Qb5 25. Bf4 Ng4 26. Bxd6 exd6 27. Qxg4
Ra7 28. Rfe1 Rae7 29. Re3 Qc6 30. Rae1 Kg7 31. h4 h5 32. Qg5 d5 33. Qe5+ Kh7
34. Qf6 d4 35. Re5 d3 36. f4 d2 37. Rd1 Rxe6 38. Qf7+ Kh6 39. Rxd2 Rxe5 40.
fxe5 Qe6 41. Qf4+ Kg7 42. Re2 Re7 43. c4 Rd7 44. Rf2 Kh7 45. g3 Qh3 46. Rf1 Re7
47. Re1 Qe6 48. Kg2 Rb7 49. Re2 Kg7 50. Rd2 Qc6+ 51. Qf3 Qc8 52. Qf6+ Kh7 53.
Qxa6 Qb8 54. Qd6 Qa7 55. e6 Re7 56. Qxe7+ Qxe7 57. Rd7 1-0

[Event "Bayern-chTT (RL Nord-West)"]
[Site "Bayern 2008/09"]
[Date "2008.11.30"]
[Round "3.3"]
[White "Pesch, Werner ProfDr"]
[Black "Herdin, Hans-Ulrich"]
[Result "1-0"]
[WhiteElo "2173"]
[BlackElo "2050"]
[PlyCount "41"]
[EventDate "2009.03.??"]
[EventType "team-tourn"]
[EventRounds "9"]
[WhiteTeam "Bindlach 2"]
[BlackTeam "Kronach 1"]

1. e4 e6 2. d4 d5 3. Nd2 c5 4. exd5 exd5 5. Bb5+ Bd7 6. Bxd7+ Qxd7 7. Ngf3 Nf6
8. O-O cxd4 9. Re1+ Be7 10. Nb3 O-O 11. Nbxd4 Bc5 12. c3 Nc6 13. h3 Ne4 14. Be3
Rad8 15. Qd3 f5 16. Rad1 f4 17. Bc1 g5 18. c4 Bxd4 19. Nxd4 Ne5 20. Qc2 f3 21.
cxd5 1-0

[Event "Bayern-chTT (RL Nord-West)"]
[Site "Bayern 2008/09"]
[Date "2008.11.30"]
[Round "3.4"]
[White "Lechleitner, Walter"]
[Black "Heimerdinger, Joerg"]
[Result "1-0"]
[WhiteElo "2002"]
[BlackElo "2022"]
[PlyCount "97"]
[EventDate "2009.03.??"]
[EventType "team-tourn"]
[EventRounds "9"]
[WhiteTeam "Kronach 1"]
[BlackTeam "Bindlach 2"]

1. Nf3 Nf6 2. d4 g6 3. c4 Bg7 4. Nc3 O-O 5. e4 d6 6. Bg5 Nbd7 7. Be2 c5 8. e5
dxe5 9. dxe5 Ng4 10. e6 fxe6 11. Qd2 Ndf6 12. Rd1 Qxd2+ 13. Rxd2 Nh6 14. O-O
Nf7 15. Bh4 b6 16. Re1 Bh6 17. Rd3 e5 18. Bd1 e4 19. Nxe4 Nxe4 20. Rxe4 Bf5 21.
Rde3 Bxe4 22. Rxe4 e5 23. Ba4 Bg7 24. Bc6 Rae8 25. Bxe8 Rxe8 26. b3 Nd6 27. Re1
Nf5 28. Bg3 Nxg3 29. hxg3 Kf8 30. Ng5 Bh6 31. Ne4 Rd8 32. Kf1 Rd4 33. f3 Kf7
34. Ke2 Ke6 35. Rh1 Bf8 36. Rxh7 Rd7 37. Rxd7 Kxd7 38. Kd3 Ke6 39. g4 Be7 40.
Nc3 Bg5 41. Ke4 Bd2 42. Nb5 a6 43. Nc7+ Kd7 44. Nd5 b5 45. Kxe5 bxc4 46. bxc4
a5 47. f4 g5 48. f5 Bc1 49. f6 1-0

[Event "Bayern-chTT (RL Nord-West)"]
[Site "Bayern 2008/09"]
[Date "2008.11.30"]
[Round "3.5"]
[White "Tiller, Jaroslav"]
[Black "Becker, Alexander(63)"]
[Result "1/2-1/2"]
[WhiteElo "2051"]
[BlackElo "1992"]
[PlyCount "50"]
[EventDate "2009.03.??"]
[EventType "team-tourn"]
[EventRounds "9"]
[WhiteTeam "Bindlach 2"]
[BlackTeam "Kronach 1"]

1. d4 Nf6 2. Nf3 e6 3. Bg5 c5 4. e3 Qb6 5. Qc1 Ne4 6. Bh4 d5 7. c3 Nc6 8. Nbd2
f5 9. Be2 Bd6 10. O-O O-O 11. Nxe4 fxe4 12. dxc5 Qxc5 13. Nd4 Nxd4 14. cxd4
Qxc1 15. Raxc1 Bd7 16. Bg3 Bxg3 17. hxg3 Rac8 18. Rfd1 Rxc1 19. Rxc1 Rc8 20.
Rxc8+ Bxc8 21. f3 Bd7 22. Kf2 Kf7 23. f4 h6 24. g4 g5 25. g3 a5 1/2-1/2

[Event "Bayern-chTT (RL Nord-West)"]
[Site "Bayern 2008/09"]
[Date "2008.11.30"]
[Round "3.6"]
[White "Hoermann, Fabian"]
[Black "Vojtech, Jaroslav"]
[Result "0-1"]
[WhiteElo "1935"]
[BlackElo "2131"]
[PlyCount "64"]
[EventDate "2009.03.??"]
[EventType "team-tourn"]
[EventRounds "9"]
[WhiteTeam "Kronach 1"]
[BlackTeam "Bindlach 2"]

1. c4 e5 2. Nc3 Nf6 3. g3 c6 4. Nf3 e4 5. Ng5 d5 6. cxd5 cxd5 7. d3 h6 8. Nh3
Bf5 9. dxe4 Bxe4 10. Nxe4 Nxe4 11. a3 Nc6 12. Bg2 Qa5+ 13. Kf1 Rd8 14. f3 Nf6
15. Nf4 Bd6 16. Be3 d4 17. Bf2 Bxf4 18. gxf4 Nd5 19. Qb3 O-O 20. Rd1 Nxf4 21.
Qxb7 Qc5 22. Qb3 Rb8 23. Qa4 Rxb2 24. Bxd4 Nxd4 25. Qxd4 Qc2 26. Re1 Nxe2 27.
Qf2 Nf4 28. Qxc2 Rxc2 29. Re4 g5 30. Rxf4 gxf4 31. Bh3 Rb8 32. Rg1+ Kf8 0-1

[Event "Bayern-chTT (RL Nord-West)"]
[Site "Bayern 2008/09"]
[Date "2008.11.30"]
[Round "3.7"]
[White "Herrmann, Michael(85)"]
[Black "Horther, Heinrich"]
[Result "1/2-1/2"]
[WhiteElo "1736"]
[BlackElo "1991"]
[PlyCount "45"]
[EventDate "2009.03.??"]
[EventType "team-tourn"]
[EventRounds "9"]
[WhiteTeam "Bindlach 2"]
[BlackTeam "Kronach 1"]

1. e4 e6 2. e5 c5 3. Nf3 Nc6 4. c3 d5 5. exd6 Bxd6 6. Bb5 Bd7 7. d4 Qb6 8. Be2
Nf6 9. O-O O-O 10. Na3 Be7 11. Nc4 Qc7 12. Be3 Nd5 13. Rc1 b5 14. Ncd2 a6 15.
Ne4 c4 16. Bg5 Nf4 17. Bxe7 Nxe7 18. Ne5 Nc6 19. Nxc6 Nxe2+ 20. Qxe2 Qxc6 21.
Rce1 Rfd8 22. f4 b4 23. Ng5 1/2-1/2

[Event "Bayern-chTT (RL Nord-West)"]
[Site "Bayern 2008/09"]
[Date "2008.11.30"]
[Round "3.8"]
[White "Neuberg, Hans-Gerhard"]
[Black "Koehler, Gernot Dr"]
[Result "0-1"]
[WhiteElo "1915"]
[BlackElo "1867"]
[PlyCount "100"]
[EventDate "2009.03.??"]
[EventType "team-tourn"]
[EventRounds "9"]
[WhiteTeam "Kronach 1"]
[BlackTeam "Bindlach 2"]

1. e4 c6 2. d4 d5 3. Nc3 dxe4 4. Nxe4 Bf5 5. Ng3 Bg6 6. Nf3 Nf6 7. Bd3 Nbd7 8.
O-O Bxd3 9. Qxd3 e6 10. Re1 Be7 11. Bf4 Nd5 12. Bd2 N5f6 13. Re2 O-O 14. Rae1
Re8 15. Ng5 Nf8 16. c3 Qa5 17. a3 Rad8 18. Re5 Qc7 19. Qc2 Bd6 20. R5e3 h6 21.
N5e4 N6h7 22. Nxd6 Qxd6 23. Nf5 Qd7 24. Nh4 c5 25. Rg3 g5 26. Be3 c4 27. Nf3 f6
28. h4 b5 29. hxg5 hxg5 30. Kh2 Re7 31. Rh1 Rg7 32. Kg1 a6 33. Qc1 Qe7 34. Rh5
Rd5 35. Nh2 Qf7 36. Rhh3 Rg6 37. f4 Qg7 38. fxg5 Nxg5 39. Bxg5 Rdxg5 40. Rxg5
Rxg5 41. Qd2 Rg3 42. Rxg3 Qxg3 43. Nf3 Ng6 44. d5 exd5 45. Qxd5+ Kg7 46. Qd7+
Kh6 47. Qe6 Qf4 48. Kf2 Ne5 49. Qxa6 Ng4+ 50. Kf1 Qe3 0-1

[Event "Bayern-chTT (RL Nord-West)"]
[Site "Bayern 2008/09"]
[Date "2008.11.30"]
[Round "3.1"]
[White "Schindler, Viktor(58)"]
[Black "Schramm, Christian(73)"]
[Result "0-1"]
[WhiteElo "2161"]
[BlackElo "2262"]
[PlyCount "74"]
[EventDate "2009.03.??"]
[EventType "team-tourn"]
[EventRounds "9"]
[WhiteTeam "Hof 1"]
[BlackTeam "Obernau 1"]

1. d4 g6 2. e4 Bg7 3. Nc3 d6 4. g3 Nc6 5. Nge2 Bg4 6. Qd3 Qd7 7. a3 f5 8. f3
fxe4 9. fxe4 Bh3 10. Bxh3 Qxh3 11. Nf4 Qd7 12. d5 Nd8 13. Bd2 Nf6 14. h3 Nh5
15. O-O-O O-O 16. Nce2 Nxf4 17. gxf4 e6 18. h4 exd5 19. Qxd5+ Qe6 20. Qxe6+
Nxe6 21. h5 Nc5 22. hxg6 hxg6 23. Ng3 Rae8 24. Rde1 Kf7 25. b4 Nd7 26. Rhf1 Bf6
27. Re3 Nb6 28. e5 Nc4 29. Rc3 Nxd2 30. Kxd2 Bd8 31. exd6 cxd6 32. f5 Kg7 33.
fxg6 Rxf1 34. Nxf1 Kxg6 35. Rc4 Bg5+ 36. Kd3 Re1 37. Ng3 d5 0-1

[Event "Bayern-chTT (RL Nord-West)"]
[Site "Bayern 2008/09"]
[Date "2008.11.30"]
[Round "3.2"]
[White "Van Baarle, John"]
[Black "Hertel, Hans"]
[Result "1-0"]
[WhiteElo "2209"]
[BlackElo "2070"]
[PlyCount "31"]
[EventDate "2009.03.??"]
[EventType "team-tourn"]
[EventRounds "9"]
[WhiteTeam "Obernau 1"]
[BlackTeam "Hof 1"]

1. d4 f5 2. Nf3 Nf6 3. c4 e6 4. Nc3 d5 5. Bg5 c6 6. e3 Bd6 7. Ne5 O-O 8. Be2
Bd7 9. Qb3 Qc7 10. Rc1 Be8 11. O-O Ne4 12. Nxe4 fxe4 13. Bg4 Bd7 14. Bf4 b6 15.
cxd5 exd5 16. Bxd7 1-0

[Event "Bayern-chTT (RL Nord-West)"]
[Site "Bayern 2008/09"]
[Date "2008.11.30"]
[Round "3.3"]
[White "Shashkin, Igor"]
[Black "Gietl, Thomas(72)"]
[Result "1-0"]
[WhiteElo "2056"]
[BlackElo "2176"]
[PlyCount "81"]
[EventDate "2009.03.??"]
[EventType "team-tourn"]
[EventRounds "9"]
[WhiteTeam "Hof 1"]
[BlackTeam "Obernau 1"]

1. d4 d6 2. e4 Nf6 3. Nc3 g6 4. g3 Bg7 5. Bg2 O-O 6. Nge2 Nbd7 7. O-O e5 8. h3
Re8 9. Be3 c6 10. a4 Qe7 11. a5 Nf8 12. Qd2 Be6 13. f4 Bc4 14. dxe5 dxe5 15. f5
Red8 16. Qe1 gxf5 17. Rxf5 Ne8 18. Kh2 Ne6 19. Rf2 Nd4 20. Ng1 Nc7 21. Nf3
Nxf3+ 22. Bxf3 Be6 23. Na4 Nb5 24. c3 Kh8 25. Nc5 Nd6 26. b3 Bc8 27. Bh5 f5 28.
Qc1 f4 29. Bd2 Nf5 30. exf5 Qxc5 31. Qe1 Bxf5 32. gxf4 Rd3 33. Bg4 e4 34. Re2
Rad8 35. Be3 Qf8 36. Qh4 Bg6 37. Rf1 Rxc3 38. f5 Be5+ 39. Bf4 Bxf4+ 40. Rxf4
Bf7 41. Qf6+ 1-0

[Event "Bayern-chTT (RL Nord-West)"]
[Site "Bayern 2008/09"]
[Date "2008.11.30"]
[Round "3.4"]
[White "Scherer, Ralf"]
[Black "Verlatov, Artjom"]
[Result "1-0"]
[WhiteElo "2120"]
[BlackElo "1984"]
[PlyCount "55"]
[EventDate "2009.03.??"]
[EventType "team-tourn"]
[EventRounds "9"]
[WhiteTeam "Obernau 1"]
[BlackTeam "Hof 1"]

1. g3 f5 2. Bg2 Nf6 3. Nf3 g6 4. O-O Bg7 5. c4 O-O 6. Nc3 d6 7. Rb1 e5 8. d3 h6
9. b4 Qe8 10. a4 g5 11. Nd2 Ng4 12. c5 Qh5 13. h3 Nf6 14. Nb5 Ne8 15. cxd6 cxd6
16. Nc4 Rf6 17. d4 e4 18. d5 Qg6 19. Bb2 Rf7 20. Bxg7 Rxg7 21. Qd4 b6 22. Rfc1
Ba6 23. g4 Bxb5 24. axb5 Re7 25. Ne3 Ng7 26. Rc8+ Kf7 27. gxf5 Nxf5 28. Qh8 1-0

[Event "Bayern-chTT (RL Nord-West)"]
[Site "Bayern 2008/09"]
[Date "2008.11.30"]
[Round "3.5"]
[White "Urytskyy, Michael"]
[Black "Frey, Michael(77)"]
[Result "1-0"]
[WhiteElo "1988"]
[BlackElo "2059"]
[PlyCount "40"]
[EventDate "2009.03.??"]
[EventType "team-tourn"]
[EventRounds "9"]
[WhiteTeam "Hof 1"]
[BlackTeam "Obernau 1"]

1. e4 e6 2. d4 d5 3. Nd2 dxe4 4. Nxe4 Nd7 5. Nf3 Ngf6 6. Nxf6+ Nxf6 7. Bd3 c5
8. c3 cxd4 9. Nxd4 Be7 10. Bg5 O-O 11. Qf3 Qd5 12. Qxd5 Nxd5 13. Bxe7 Nxe7 14.
O-O-O a6 15. Nf3 b5 16. Be4 Rb8 17. Rd6 g6 18. Rhd1 Kg7 19. Nd4 Bb7 20. Rd7 Nd5
1-0

[Event "Bayern-chTT (RL Nord-West)"]
[Site "Bayern 2008/09"]
[Date "2008.11.30"]
[Round "3.7"]
[White "Schleupner, Kurt"]
[Black "Gerlach-Buedinger, Manuela"]
[Result "1-0"]
[WhiteElo "1877"]
[BlackElo "1975"]
[PlyCount "67"]
[EventDate "2009.03.??"]
[EventType "team-tourn"]
[EventRounds "9"]
[WhiteTeam "Hof 1"]
[BlackTeam "Obernau 1"]

1. e4 g6 2. d4 Bg7 3. Nf3 d6 4. Be2 Nf6 5. Nc3 O-O 6. O-O c6 7. h3 Qc7 8. Be3
Nbd7 9. Qd2 e5 10. Rad1 Re8 11. dxe5 dxe5 12. a4 a5 13. Bc4 Nb6 14. Bb3 Be6 15.
Qd6 Qxd6 16. Rxd6 Bxb3 17. cxb3 Nc8 18. Rd3 Bf8 19. Rfd1 Kg7 20. Ne1 h6 21. f3
Ne7 22. Nc2 Nc8 23. Kf2 Be7 24. Na3 Bb4 25. Nc4 Bf8 26. g4 Bb4 27. Ke2 Bxc3 28.
bxc3 b5 29. Nb2 Rb8 30. c4 bxa4 31. Nxa4 h5 32. g5 Ng8 33. Nc5 Nge7 34. Nd7 1-0

[Event "Bayern-chTT (RL Nord-West)"]
[Site "Bayern 2008/09"]
[Date "2008.11.30"]
[Round "3.8"]
[White "Schmitt, Dieter(54)"]
[Black "Artamonow, Sergej"]
[Result "1/2-1/2"]
[WhiteElo "1950"]
[BlackElo "1893"]
[PlyCount "67"]
[EventDate "2009.03.??"]
[EventType "team-tourn"]
[EventRounds "9"]
[WhiteTeam "Obernau 1"]
[BlackTeam "Hof 1"]

1. c4 e6 2. b3 d5 3. e3 c6 4. Bb2 Nd7 5. Ne2 Ngf6 6. g3 Bd6 7. Bg2 O-O 8. O-O
Qe7 9. d4 b6 10. Nd2 Bb7 11. f3 c5 12. e4 dxe4 13. Nxe4 Nxe4 14. fxe4 cxd4 15.
Nxd4 Be5 16. Qe2 Rfd8 17. Kh1 Qc5 18. Nb5 Bxb2 19. Qxb2 a6 20. b4 Qe5 21. Nc3
Nf6 22. Rae1 Rd7 23. Nd1 Qd4 24. Qxd4 Rxd4 25. e5 Bxg2+ 26. Kxg2 Ne4 27. Rf3
Rd2+ 28. Kh3 f6 29. exf6 Nxf6 30. Ne3 Rxa2 31. Ng4 Nxg4 32. Kxg4 Rc2 33. Rxe6
Rxc4+ 34. Rf4 1/2-1/2

[Event "Bayern-chTT (RL Nord-West)"]
[Site "Bayern 2008/09"]
[Date "2008.12.14"]
[Round "4.1"]
[White "Schindler, Viktor(58)"]
[Black "Kliche, Alexander"]
[Result "0-1"]
[WhiteElo "2161"]
[BlackElo "2126"]
[PlyCount "80"]
[EventDate "2009.03.??"]
[EventType "team-tourn"]
[EventRounds "9"]
[WhiteTeam "Hof 1"]
[BlackTeam "Kitzingen 1"]

1. e4 e6 2. d4 d5 3. Nc3 dxe4 4. Nxe4 Be7 5. Nf3 Nf6 6. Bd3 Nbd7 7. c3 O-O 8.
Neg5 c5 9. Qe2 cxd4 10. cxd4 h6 11. h4 Bd6 12. Bd2 e5 13. Bc4 hxg5 14. hxg5
exd4 15. g6 Qe7 16. gxf7+ Rxf7 17. Qxe7 Bxe7 18. Nxd4 Nb6 19. Bxf7+ Kxf7 20. f3
Bd7 21. g4 Re8 22. O-O-O Nfd5 23. Kb1 Nc4 24. Bc1 Bf6 25. Nc2 Bc6 26. Rde1 Rc8
27. Rhf1 Ba4 28. Re2 Rc6 29. Rd1 Na3+ 30. Nxa3 Bxd1 31. Rf2 Ba4 32. g5 Be7 33.
Rd2 Bxa3 34. Rxd5 Be7 35. b3 Rb6 36. Kc2 Bc6 37. Rf5+ Kg8 38. f4 Be4+ 39. Kc3
Bxf5 40. Be3 Rc6+ 0-1

[Event "Bayern-chTT (RL Nord-West)"]
[Site "Bayern 2008/09"]
[Date "2008.12.14"]
[Round "4.2"]
[White "Kannenberg, Karl-Heinz"]
[Black "Hertel, Hans"]
[Result "1/2-1/2"]
[WhiteElo "2132"]
[BlackElo "2070"]
[PlyCount "89"]
[EventDate "2009.03.??"]
[EventType "team-tourn"]
[EventRounds "9"]
[WhiteTeam "Kitzingen 1"]
[BlackTeam "Hof 1"]

1. d4 f5 2. g3 Nf6 3. Bg2 e6 4. c4 d5 5. Qc2 c6 6. Nh3 Bd6 7. Bf4 O-O 8. Nd2 h6
9. Rd1 Nh5 10. Bxd6 Qxd6 11. O-O Nd7 12. cxd5 exd5 13. e3 g5 14. f4 Ndf6 15.
Nf2 Ne4 16. Nf3 g4 17. Ne5 Nxf2 18. Rxf2 Be6 19. Rb1 Nf6 20. b4 Ne4 21. Rff1 a6
22. Rfc1 Kg7 23. a4 Rfc8 24. Bxe4 dxe4 25. Qc5 Qd8 26. Nc4 Bxc4 27. Rxc4 Kg6
28. Qe5 Qd7 29. Rbc1 Rd8 30. Qa5 Qf7 31. Qb6 Rd6 32. b5 axb5 33. axb5 Ra1 34.
Rxa1 Qxc4 35. bxc6 Qc3 36. Rb1 Qxe3+ 37. Kh1 Qf3+ 38. Kg1 Qe3+ 39. Kh1 bxc6 40.
Qb8 Qf3+ 41. Kg1 Qe3+ 42. Kh1 Qxd4 43. Qe8+ Kf6 44. Qf8+ Kg6 45. Qe8+ 1/2-1/2